Educación no es la escuela no es la empresa /
Պահպանված է:
| Հիմնական հեղինակ: | |
|---|---|
| Ձևաչափ: | Տեքստ |
| Խորագրեր: | |
| Ցուցիչներ: |
Ավելացրեք ցուցիչ
Չկան պիտակներ, Եղեք առաջինը, ով նշում է այս գրառումը!
|
MARC
| LEADER | 00000 a a2200000 04500 | ||
|---|---|---|---|
| 001 | 7155 | ||
| 003 | |||
| 040 | |||
| 100 | |a Urbina, Miguel de Castilla | ||
| 245 | |a Educación no es la escuela no es la empresa / |c Miguel de Castilla Urbina | ||
| 650 | |a EDUCACION | ||
| 650 | |a REFORMA DE LA EDUCACION | ||
| 650 | |a PRIVATIZACION | ||
| 773 | |g volumen 20, número 229; páginas 10-14 | ||
| 999 | |c 30793 |d 30793 | ||
